| 000 | 00390nam a2200157Ia 4500 | ||
|---|---|---|---|
| 008 | 240729s9999 xx 000 0 und d | ||
| 022 | _a2215-0900 | ||
| 245 | 0 | _aSpool | |
| 260 | _aNetherlands | ||
| 260 | _bStichting OpenAccess | ||
| 650 | _a Architecture | ||
| 650 | _aFine Arts | ||
| 856 | _uhttps://doaj.org/toc/745015abf68f46b3ac57eb94bb71859d | ||
| 942 | _2ddc | ||
| 942 | _cDOAJEJ | ||
| 999 |
_c72847 _d72847 |
||
| 945 |
_a1 _bMadushi Gamage _c1 _dMadushi Gamage |
||